Textbook of Midwifery and Gynecological Nursing (Record no. 159201)

MARC details
000 -LEADER
fixed length control field 00435nam a2200145Ia 4500
008 - FIXED-LENGTH DATA ELEMENTS--GENERAL INFORMATION
fixed length control field 230519s9999 xx 000 0 und d
020 ## - INTERNATIONAL STANDARD BOOK NUMBER
International Standard Book Number 978-93-81390-29-0
041 ## - LANGUAGE CODE
Language code of text/sound track or separate title eng
082 ## - DEWEY DECIMAL CLASSIFICATION NUMBER
Classification number OG/610.7362/NEE/DB0399
100 ## - MAIN ENTRY--PERSONAL NAME
Personal name Neelam Kumari; Sharma Shivani & Gupta Priti
9 (RLIN) 180360
245 ## - TITLE STATEMENT
Title Textbook of Midwifery and Gynecological Nursing
260 ## - PUBLICATION, DISTRIBUTION, ETC. (IMPRINT)
Name of publisher, distributor, etc. S Vikas and Co
Place of publication, distribution, etc. Jalandhar
Date of publication, distribution, etc. 2014
300 ## - PHYSICAL DESCRIPTION
Extent 818p
Holdings
Withdrawn status Lost status Damaged status Not for loan Collection code Home library Current library Date acquired Cost, normal purchase price Bill number Total Checkouts Full call number Barcode Date last seen Bill Date Koha item type Original Barcode Total Renewals Date last checked out
        Gynecology Smt. Bakul Tambat Institute of Nursing Education Smt. Bakul Tambat Institute of Nursing Education 03/07/2015 999.00 79   OG 610.7362 NEE DB0399 BTIN-DB-399 19/05/2023 20/05/2015 Donated Book DB0399    
        Gynecology Smt. Bakul Tambat Institute of Nursing Education Smt. Bakul Tambat Institute of Nursing Education 24/04/2018 999.00 79 7 OG 610.7362 NEE DB0698 BTIN-DB-698 11/09/2025 20/05/2015 Donated Book DB0698 1 04/09/2025
        Gynecology Smt. Bakul Tambat Institute of Nursing Education Smt. Bakul Tambat Institute of Nursing Education 24/04/2018 1099.00 79 5 OG 610.7362 NEE DB0701 BTIN-DB-701 12/09/2025 20/05/2015 Donated Book DB0701 2 25/08/2025
        Gynecology Smt. Bakul Tambat Institute of Nursing Education Smt. Bakul Tambat Institute of Nursing Education 29/08/2018 1199.00 79 19 OG 610.7362 NEE DB0737 BTIN-DB-737 07/01/2026 20/05/2015 Donated Book DB0737 8 26/12/2025